000
00225nam a22000977a 4500
999
_c
263797
_d
263796
020
_a
0590120565
100
_a
Clement Moore
245
_a
The night before Christmas
260
_a
New York
_b
Scholastic INC
_c
1998
942
_c
BK